|
|
|
|
| LEADER |
00000nab#a22000007a#4500 |
| 001 |
arbauad040275 |
| 003 |
AR-BaUAD |
| 005 |
20250711113151.0 |
| 008 |
990920|||||||||###||||||b###|0###a|spa|| |
| 040 |
|
|
|a AR-BaUAD
|c AR-BaUAD
|b spa
|
| 100 |
|
|
|a Reed, Matthew
|
| 245 |
|
|
|a Comparison of driving performance on road and in a low cost simulator using a concurrent telephone dialling task /
|c Matthew Reed; Paul Green;
|
| 300 |
0 |
|
|b fot., il., gráf.
|
| 653 |
|
|
|a COMPUTADORAS
|
| 653 |
|
|
|a SIMULACION
|
| 653 |
|
|
|a MANEJO
|
| 653 |
|
|
|a AUTOMOVILES
|
| 653 |
|
|
|a SEGURIDAD
|
| 653 |
|
|
|a ARTEFACTOS
|
| 653 |
|
|
|a TELEFONOS
|
| 653 |
|
|
|a ERGONOMIA
|
| 700 |
1 |
|
|a Green, Paul
|
| 773 |
0 |
|
|t ERGONOMICS
|g no. 8 [ago. 1999], p. 1015-1037
|
| 942 |
|
|
|c ARTI
|
| 952 |
|
|
|0 0
|1 0
|4 0
|7 0
|9 85194
|a AR-BAuAD
|b AR-BAuAD
|d 2025-07-11
|l 0
|p AAQA040275
|r 2025-07-11 11:31:51
|w 2025-07-11
|y ARTI
|
| 990 |
|
|
|a CS199
|b TD
|
| 990 |
|
|
|a DI199
|b TD
|
| 998 |
|
|
|a AAQ
|b BIBUN76
|
| 999 |
|
|
|c 64867
|d 64867
|